000 00704cam a2200217 i 4500
005 20260212103546.0
008 250721s2010 xx a gr 000 0 ara d
020 _a9789933220338
082 1 4 _aق
_bج ي م
100 1 _aتارنر، مارغريت
_eمؤلف.
245 1 0 _aساحة واشنطن /
_cهنري جيمس.
246 1 1 _aWashington Sguare
264 3 1 _aسورية :
_bدار رسلان للطباعة و النشر و التوزيع،
_c2010.
300 _a115 صفحة.
650 1 7 _aالادب المترجم.
650 1 7 _aالروايات.
700 1 _aرافع، بشار
_eمترجم
700 1 _aجيمس، هنري
942 _2ddc
_cBK
999 _c126498
_d126498